00320 2200145 4500245003800000250001100038100001800049650001700067650001600084005001900100260001800119041001400137084001400151336000900165 aAutobiograficRachel Nada ShText aCet. 1 aRachel Nada S aAutobiografi aKarya Siswa a20250522112253 aJakartac2025 aIndonesia a081 RAC a atext